Prince of storms (Record no. 387755)

MARC details
000 -LEADER
fixed length control field 00462nam a2200181Ia 4500
008 - FIXED-LENGTH DATA ELEMENTS--GENERAL INFORMATION
fixed length control field 191130s2010##################000#0#eng##
020 ## - INTERNATIONAL STANDARD BOOK NUMBER
ISBN 9781591027911
082 ## - DEWEY DECIMAL CLASSIFICATION NUMBER
Classification number 813.54 KEN
100 ## - MAIN ENTRY--AUTHOR NAME
Personal name Kenyon, Kay
245 ## - TITLE STATEMENT
Title Prince of storms
Statement of responsibility, etc Kay Kenyon
260 ## - PUBLICATION, DISTRIBUTION, ETC. (IMPRINT)
Place of publication Amherst, NY
Name of publisher Pyr
Year of publication 2010
300 ## - PHYSICAL DESCRIPTION
Number of Pages 389 p. ; 24 cm
650 ## - SUBJECT ADDED ENTRY--TOPICAL TERM
Topical Term English Fiction
991 ## -
-- 332607

No items available.

Find us on the map